[Event "Koge Lang Sommer Weekend"]
[Site "Koge"]
[Date "2020.07.25"]
[Round "5"]
[White "Winther Jorgensen, Niclas Alexander"]
[Black "Svendsen, Mads O"]
[Result "0-1"]
[WhiteElo "1778"]
[BlackElo "1987"]
[PlyCount "58"]
[EventDate "2020.07.22"]
[EventType "swiss"]
[EventRounds "7"]
[EventCountry "DEN"]
[SourceTitle "EXT 2021"]
[Source "ChessBase"]
[SourceDate "2020.10.23"]
[SourceVersion "1"]
[SourceVersionDate "2020.10.23"]
[SourceQuality "1"]

1. e4 c5 2. Nf3 d6 3. d4 cxd4 4. Nxd4 Nf6 5. Nc3 g6 6. Be2 Bg7 7. 0-0 0-0 8. Be3 Nc6 9. Qd2 Bd7 10. Rad1 Qa5 11. Nb3 Qd8 12. Bh6 a6 13. Bxg7 Kxg7 14. a3 b5 15. Bf3 Ne5 16. Qf4 Nxf3+ 17. Qxf3 Bg4 18. Qe3 Bxd1 19. Rxd1 Qc7 20. Nd4 e6 21. f4 h6 22. Kh1 Rfe8 23. Qg3 Qb7 24. Re1 b4 25. axb4 Qxb4 26. Nf3 Qxb2 27. Nh4 Rac8 28. Ne2 Nxe4 29. Qf3 Qb4 0-1

[Event "Koge Lang Sommer Weekend"]
[Site "Koge"]
[Date "2020.07.24"]
[Round "4"]
[White "Svendsen, Mads O"]
[Black "Moller, Arne Vagn"]
[Result "1-0"]
[WhiteElo "1987"]
[BlackElo "1893"]
[PlyCount "53"]
[EventDate "2020.07.22"]
[EventType "swiss"]
[EventRounds "7"]
[EventCountry "DEN"]
[SourceTitle "EXT 2021"]
[Source "ChessBase"]
[SourceDate "2020.10.23"]
[SourceVersion "1"]
[SourceVersionDate "2020.10.23"]
[SourceQuality "1"]

1. e4 c5 2. Nf3 d6 3. d4 cxd4 4. Nxd4 Nf6 5. Nc3 a6 6. g3 e6 7. Bg2 Be7 8. 0-0 0-0 9. f4 Qc7 10. g4 Nc6 11. Nxc6 bxc6 12. g5 Nd7 13. f5 exf5 14. exf5 d5 15. Qe1 Bc5+ 16. Kh1 Bb7 17. Qh4 Rfe8 18. Rf3 Qe5 19. Bf4 Qxf5 20. Bh3 Qxc2 21. Bxd7 Re7 22. Rc1 Qg6 23. Qh3 Re6 24. Bxe6 fxe6 25. Na4 Ba7 26. Nc5 Bc8 27. Bd6 1-0

[Event "Copenhagen Challenge"]
[Site "Ballerup"]
[Date "2019.05.19"]
[Round "8"]
[White "Slettebo, Jan"]
[Black "Svendsen, Mads O"]
[Result "0-1"]
[WhiteElo "1920"]
[BlackElo "2062"]
[PlyCount "58"]
[EventDate "2019.05.15"]
[EventType "swiss"]
[EventRounds "9"]
[EventCountry "DEN"]
[SourceTitle "CBM 190 Extra"]
[Source "ChessBase"]
[SourceDate "2019.07.15"]
[SourceVersion "1"]
[SourceVersionDate "2019.07.15"]
[SourceQuality "1"]

1. e4 c6 2. d4 d5 3. e5 Bf5 4. Nc3 e6 5. g4 Bg6 6. Nge2 c5 7. Be3 Nc6 8. dxc5 Nxe5 9. Nd4 Nc6 10. Bb5 Rc8 11. Qe2 Nf6 12. 0-0-0 Be7 13. h4 h5 14. f3 Nd7 15. f4 hxg4 16. h5 Rxh5 17. Nxe6 fxe6 18. Qxg4 Kf7 19. Rxh5 Nf6 20. Qg2 Bxh5 21. Rg1 g6 22. f5 exf5 23. Be2 Ng4 24. Bxg4 Bxg4 25. Nxd5 Bg5 26. Kb1 Ne5 27. Bxg5 Qxg5 28. Nf4 Qe7 29. Qh2 Qxc5 0-1

[Event "Copenhagen Challenge"]
[Site "Ballerup"]
[Date "2019.05.18"]
[Round "7"]
[White "Svendsen, Mads O"]
[Black "Nesse, David"]
[Result "0-1"]
[WhiteElo "2062"]
[BlackElo "1764"]
[PlyCount "124"]
[EventDate "2019.05.15"]
[EventType "swiss"]
[EventRounds "9"]
[EventCountry "DEN"]
[SourceTitle "CBM 190 Extra"]
[Source "ChessBase"]
[SourceDate "2019.07.15"]
[SourceVersion "1"]
[SourceVersionDate "2019.07.15"]
[SourceQuality "1"]

1. e4 c5 2. Nf3 g6 3. d4 cxd4 4. Nxd4 Nc6 5. c4 Nf6 6. Nc3 Nxd4 7. Qxd4 d6 8. Be3 Bg7 9. f3 0-0 10. Qd2 a5 11. b3 a4 12. bxa4 Bd7 13. Rb1 Qc8 14. Bd3 Bxa4 15. Nxa4 Rxa4 16. 0-0 Nd7 17. Rfc1 Ne5 18. Be2 Qa8 19. Rc2 Rc8 20. f4 Nc6 21. Bg4 Rf8 22. h4 Ra3 23. Kh2 Qa4 24. Rxb7 Rxe3 25. Bd7 Qa6 26. Rc7 Ra3 27. Rxc6 Qb7 28. c5 Qxd7 29. cxd6 exd6 30. Qxd6 Qxd6 31. Rxd6 Rfa8 32. Rd7 R3a7 33. Rdd2 Ra4 34. Re2 Re8 35. Kg3 Raxe4 36. Rxe4 Rxe4 37. Rc8+ Bf8 38. Ra8 Kg7 39. Kf3 Rb4 40. h5 Rb7 41. h6+ Kg8 42. a4 f5 43. a5 Kf7 44. a6 Rc7 45. a7 Rc3+ 46. Ke2 Ra3 47. Kd2 Bxh6 48. g3 Bf8 49. Kc2 Bc5 50. Rh8 Rxa7 51. Rxh7+ Kf6 52. Rh8 Bf2 53. Rf8+ Rf7 54. Rc8 Bxg3 55. Rc6+ Kg7 56. Rc4 Re7 57. Kd3 Re4 58. Rxe4 fxe4+ 59. Kxe4 Kf6 60. Kf3 Be1 61. Kg4 Bd2 62. f5 gxf5+ 0-1

[Event "Koge Weekend Mester"]
[Site "Koge"]
[Date "2019.05.05"]
[Round "4"]
[White "Svendsen, Mads O"]
[Black "Lilja, Richard"]
[Result "0-1"]
[WhiteElo "2062"]
[BlackElo "2103"]
[PlyCount "118"]
[EventDate "2019.05.03"]
[EventType "swiss"]
[EventRounds "5"]
[EventCountry "DEN"]
[SourceTitle "EXT 2020"]
[Source "ChessBase"]
[SourceDate "2019.10.17"]
[SourceVersion "1"]
[SourceVersionDate "2019.10.17"]
[SourceQuality "1"]

1. e4 c5 2. Nf3 g6 3. d4 cxd4 4. Nxd4 Nc6 5. Be3 Nf6 6. Nc3 Bg7 7. Nxc6 bxc6 8. e5 Ng8 9. f4 Nh6 10. Qd2 0-0 11. 0-0-0 Qa5 12. Kb1 d6 13. exd6 Bg4 14. dxe7 Rfb8 15. Na4 Qc7 16. Re1 Qxe7 17. Bc4 Rd8 18. Qf2 Be6 19. Bxe6 fxe6 20. Bc5 Qf6 21. Qe3 Kf7 22. Rd1 Rab8 23. c3 Ng4 24. Qe2 Qf5+ 25. Ka1 Rxd1+ 26. Qxd1 Nf6 27. Qd6 Rb7 28. Qxc6 Rd7 29. Bd4 Qc2 30. Re1 Re7 31. Nc5 Qd2 32. Rf1 Nd5 33. Ne4 Qd3 34. Ng5+ Kg8 35. Qc8+ Bf8 36. Rb1 Ne3 37. Bxe3 Qxe3 38. Qc6 Bg7 39. Qa8+ Bf8 40. Qf3 Qb6 41. Rd1 h6 42. Ne4 Rb7 43. Qf2 Qb5 44. Nd6 Rd7 45. Qc2 Rxd6 46. Qxg6+ Kh8 47. Rxd6 Qf1+ 48. Qb1 Qxb1+ 49. Kxb1 Bxd6 50. g3 Kg7 51. b4 h5 52. a4 Kg6 53. a5 Kf5 54. Kc2 Kg4 55. Kb3 Kh3 56. c4 Kxh2 57. c5 Bc7 58. Ka4 Kxg3 59. b5 h4 0-1

[Event "Helsingor Xtracon op"]
[Site "Helsingor"]
[Date "2018.07.24"]
[Round "5"]
[White "Nesse, David"]
[Black "Svendsen, Mads O"]
[Result "0-1"]
[WhiteElo "1825"]
[BlackElo "2030"]
[PlyCount "58"]
[EventDate "2018.07.21"]
[EventType "swiss"]
[EventRounds "10"]
[EventCountry "DEN"]
[SourceTitle "CBM 185 Extra"]
[Source "ChessBase"]
[SourceDate "2018.07.29"]
[SourceVersion "1"]
[SourceVersionDate "2018.07.29"]
[SourceQuality "1"]

1. e4 c5 2. Nf3 d6 3. d4 cxd4 4. Nxd4 Nf6 5. Nc3 g6 6. Be3 Bg7 7. f3 0-0 8. Qd2 Nc6 9. 0-0-0 Bd7 10. h4 a6 11. Qf2 b5 12. Nxc6 Bxc6 13. e5 Ne8 14. h5 Bxe5 15. Bh6 Bg7 16. hxg6 fxg6 17. Qh4 Bxh6+ 18. Qxh6 Rf7 19. Bd3 Rg7 20. Ne2 e5 21. Ng3 Qf6 22. Be4 Rc8 23. Rh4 Bxe4 24. Nxe4 Qf5 25. g4 Qxf3 26. g5 Rgc7 27. Rd2 Qf1+ 28. Rd1 Rxc2+ 29. Kb1 Qxd1# 0-1

[Event "Helsingor Xtracon op"]
[Site "Helsingor"]
[Date "2018.07.22"]
[Round "2"]
[White "Svendsen, Mads O"]
[Black "Rydstrom, Tom"]
[Result "0-1"]
[WhiteElo "2030"]
[BlackElo "2307"]
[PlyCount "74"]
[EventDate "2018.07.21"]
[EventType "swiss"]
[EventRounds "10"]
[EventCountry "DEN"]
[SourceTitle "CBM 185 Extra"]
[Source "ChessBase"]
[SourceDate "2018.07.29"]
[SourceVersion "1"]
[SourceVersionDate "2018.07.29"]
[SourceQuality "1"]

1. e4 c5 2. Nf3 e6 3. d3 Nc6 4. g3 g6 5. Bg2 Bg7 6. 0-0 Nge7 7. Re1 d6 8. Nbd2 0-0 9. h4 e5 10. Nf1 f5 11. exf5 gxf5 12. N1h2 Kh8 13. Ng5 Qe8 14. c3 h6 15. Nh3 Bd7 16. Bf3 Ng8 17. Nf4 Nf6 18. Bh5 Nxh5 19. Qxh5 Ne7 20. Qxe8 Rfxe8 21. Nh5 Bc6 22. Nxg7 Kxg7 23. f3 b5 24. b3 a5 25. c4 a4 26. Bd2 axb3 27. axb3 b4 28. Reb1 Bb7 29. Kf2 Nc6 30. Be3 h5 31. Nf1 Nd4 32. Bxd4 exd4 33. Rxa8 Rxa8 34. Re1 Kf7 35. Nh2 Ra3 36. Rb1 Ra2+ 37. Kg1 Kf6 0-1